000 00440nam a22001697a 4500
999 _c524166
_d524166
003 NUST
038 _aabdul basit
082 _a891.437
_bQAD
100 _aQadeer, Asif riaz
_914988
245 _aMzah pary /
_cAsif riaz Qadeer
260 _aIslamabad :
_bIdara rodad,
_c2010.
300 _a356 p. ;
500 _aHardcover.
880 _6100-02\r
_aآصف ریاض قدیر
880 _6245-02\r
_aمزاح پارے /
942 _2ddc
_cBK